000 00429nam a2200169Ia 4500
008 131103s9999 xx 000 0 und d
040 _aLoreto College
041 _aEnglish
082 _aF/HEN
_bLCLIB/41223
100 _aHenley,Virginia
245 _aDream Lover
_cVirginia Henley
260 _aNew York
_bIsland Books
_c1997
300 _a423 p.
_c 17 cm.
650 _aFiction in English
850 _aLCLIB
942 _cBK
999 _c14577
_d65056